Loading...
| Science - Other Science | 0 | 5 | 0 | 1 | 50 | 79 | 100.00 | 0 | 2 |
| Mythology | 0 | 4 | 0 | 2 | 40 | 118 | 134.50 | 0 | 0 |
| Science - Biology | 0 | 4 | 2 | 0 | 30 | 64 | 95.50 | 1 | 2 |
| Religion | 0 | 2 | 0 | 1 | 20 | 111 | 120.00 | 0 | 0 |
| Fine Arts - Visual Fine Arts | 0 | 1 | 0 | 1 | 10 | 119 | 119.00 | 0 | 1 |
| Literature - European Literature | 0 | 1 | 0 | 0 | 10 | 77 | 77.00 | 0 | 1 |
| Science - Chemistry | 0 | 2 | 2 | 1 | 10 | 29 | 75.50 | 1 | 1 |
| Pop Culture | 0 | 0 | 1 | 0 | -5 | 0.00 | 0 | 0 | |
| History - American History | 0 | 0 | 1 | 0 | -5 | 0.00 | 0 | 0 | |
| Science - Physics | 0 | 0 | 1 | 0 | -5 | 0.00 | 0 | 0 | |
| Geography/Current Events | 0 | 0 | 1 | 0 | -5 | 0.00 | 0 | 0 | |
| Literature - British Literature | 0 | 0 | 1 | 0 | -5 | 0.00 | 0 | 0 | |
| History - European History | 0 | 0 | 2 | 0 | -10 | 0.00 | 0 | 0 |